Statistics for Teams with most titles

Click here to take the quiz!

General Stats

  • This quiz has been taken 25 times
  • The average score is 11 of 20

Answer Stats

TitleTeam with most titles% Correct
NBA ChampionBoston Celtics
90%
Men's Soccer World Cup ChampionBrazil
85%
European Cup/Champions League ChampionReal Madrid
85%
Women's Soccer World Cup ChampionUSA
85%
MLB World Series WinnerNew York Yankees
75%
Men's Rugby World Cup ChampionNew Zealand
75%
Cricket World Cup ChampionAustralia
65%
Scottish Soccer Top Division WinnerGlasgow Rangers
65%
FA Cup WinnerArsenal
55%
Stanley Cup ChampionMontreal Canadiens
50%
Super Bowl ChampionPittsburgh Steelers
50%
NFL Champion (1920-69)Green Bay Packers
45%
NFC ChampionDallas Cowboys
40%
UEFA Cup/Europa League ChampionSevilla
40%
College Football FBS National Champion (in poll era)Alabama
35%
Big Ten Football ChampionMichigan
35%
National League PennantSan Francisco/New York Giants
35%
NCAA Basketball Tournament ChampionUCLA
35%
UEFA Women's Cup/Champions League ChampionFrankfurt
20%
AFC Champions League WinnerPohang Steelers
5%

Score Distribution

Percentile by Number Answered

Percent of People with Each Score

Your Score History

You have not taken this quiz